Educación para la emancipación: conferencias y conversaciones con Hellmut Becker, 1959-1969
Na minha lista:
| Autor principal: | |
|---|---|
| Formato: | Livro |
| Idioma: | espanhol |
| Publicado em: |
Madrid
Moratas
1998
|
| Colecção: | Pedagogía. Raíces de la Memoria
|
| Assuntos: | |
| Tags: |
Adicionar Tag
Sem tags, seja o primeiro a adicionar uma tag!
|
MARC
| LEADER | 00000nam a2200000 a 4500 | ||
|---|---|---|---|
| 001 | UCO7429 | ||
| 003 | CL-VaPUC | ||
| 008 | 001117e19980000SP |||||||||||||||||spa|d | ||
| 020 | |a 8471124238 | ||
| 082 | 0 | 4 | |a 370.112 |b ADO |2 21 |
| 100 | 0 | |a Adorno, Theodor Wiesengrund |e author |9 325578 | |
| 245 | 1 | 0 | |a Educación para la emancipación: conferencias y conversaciones con Hellmut Becker, 1959-1969 |
| 300 | |a 135 p | ||
| 942 | |c BK | ||
| 945 | |d 20001117 00:00:00 |a cmena | ||
| 260 | |a Madrid |b Moratas |c 1998 | ||
| 650 | 0 | |a Filosofía de la educación |9 258384 | |
| 650 | 0 | |a Profesores |9 308968 | |
| 650 | 0 | |a Libertad |9 255686 | |
| 583 | |a last modification |c 20001117 00:00:00 |k Rodrigo Vera | ||
| 490 | 0 | |a Pedagogía. Raíces de la Memoria | |
| 999 | |c 292365 |d 292363 | ||
| 952 | |0 0 |1 0 |4 0 |6 370_112000000000000_ADO_1998 |7 0 |8 A |9 343179 |a BIBEDU |b BIBEDU |d 2019-11-20 |i 3667987 |l 1 |o 370.112 ADO 1998 |p 3667987 |r 2022-05-06 |s 2022-04-29 |w 2019-11-20 |y BK |k EPE | ||
| 952 | |0 0 |1 0 |4 0 |6 370_112000000000000_ADO_1998 |7 0 |8 A |9 343180 |a BIBGIM |b BIBGIM |d 2019-11-20 |i 4035844 |o 370.112 ADO 1998 |p 4035844 |r 2025-01-15 |w 2019-11-20 |y BK |k SSL | ||